| 000 | 01239nam0a22002531 4500 | ||
|---|---|---|---|
| 001 | rc\4718985 | ||
| 005 | 20260408074500.0 | ||
| 021 |
_aRU _b[63-72544] |
||
| 035 | _a(NLR Aleph) 008728469 | ||
| 090 |
_a9462154 _c9462154 |
||
| 100 | _a20130416d1963 |||y0rusy50 ca | ||
| 101 | 0 | _arus | |
| 102 | _aRU | ||
| 105 | _ay z ||||| | ||
| 200 | 1 |
_aПоложение о порядке прохождения испытаний новых химических средств защиты растений _e[Утв. 15/V 1963 г.] _fГос. комис. по хим. средствам борьбы с вредителями, болезнями растений и сорняками при МСХ СССР |
|
| 210 |
_aМосква _cБ. и. _d1963 |
||
| 215 |
_a13 с. _d20 |
||
| 606 |
_aЯдохимикаты в сельском хозяйстве _xИспытание _2psbo |
||
| 710 | 0 | 1 |
_aСССР _bГосударственная комиссия по химическим средствам борьбы с вредителями, болезнями растений и с сорняками _3RU\NLR\AUTH\8810065822 _9633246 |
| 801 | 0 |
_aRU _bNLR _gpsbo |
|
| 801 | 1 |
_aRU _bELAR _2rusmarc |
|
| 852 |
_aNLR _j63-4/16192 |
||
| 942 | _cBOOK | ||
| 980 | _aNB | ||